[Event "TUR Cup"]
[Site "Adapazari"]
[Date "2022.03.31"]
[Round "10"]
[White "Yenil, Mucahit"]
[Black "Kaban, Mahmut"]
[Result "1/2-1/2"]
[WhiteElo "1736"]
[BlackElo "1532"]
[PlyCount "252"]
[EventDate "2022.03.25"]
[EventType "swiss"]
[EventRounds "11"]
[EventCountry "TUR"]
[SourceTitle "EXT 2023"]
[Source "ChessBase"]
[SourceDate "2022.10.05"]
[SourceVersion "1"]
[SourceVersionDate "2022.10.05"]
[SourceQuality "1"]

1. e4 c5 2. Nc3 Nc6 3. g3 g6 4. Bg2 Bg7 5. d3 d6 6. Be3 Rb8 7. Qd2 e6 8. f4 Nge7 9. Nf3 Nd4 10. 0-0 b5 11. Nh4 f5 12. Nd1 0-0 13. c3 Ndc6 14. Nf2 b4 15. d4 Na5 16. Qe2 Bd7 17. Rfd1 Bb5 18. Qe1 bxc3 19. bxc3 Ba4 20. Rdc1 Qc7 21. e5 dxe5 22. fxe5 c4 23. Bf4 Bc6 24. Nh3 h6 25. Bxc6 Qxc6 26. Ng2 Rb2 27. Nf2 g5 28. Bd2 Ng6 29. Nd1 Rb7 30. Nf2 Rfb8 31. Rab1 Qa4 32. Rxb7 Rxb7 33. Rb1 Rb5 34. Ne3 Bf8 35. Rxb5 Qxb5 36. Qc1 Be7 37. Qc2 Nc6 38. Nfg4 Kg7 39. Nf2 a5 40. a4 Qb3 41. Qxb3 cxb3 42. Bc1 g4 43. Nc4 Bg5 44. Nd3 Nge7 45. Bb2 Nd5 46. Kf2 h5 47. Nc5 Kf7 48. Nxb3 Ke7 49. Nbxa5 Nxa5 50. Nxa5 Nb6 51. Ke2 h4 52. Ba3+ Kd7 53. c4 Nxa4 54. Kd3 h3 55. Ke2 f4 56. Kf2 Nc3 57. Bc1 fxg3+ 58. Kxg3 Bxc1 59. Kxg4 Ne2 60. Nb3 Bb2 61. Kxh3 Bxd4 62. Kg4 Bxe5 63. h4 Kc6 64. h5 Bc3 65. Kg5 Nd4 66. Kf6 Nxb3+ 67. Kxe6 Bd2 68. Kf7 Kd6 69. Kg6 Ke7 70. h6 Kf8 71. h7 Bc3 72. Kh6 Kf7 73. Kg5 Kg7 74. Kf5 Bd4 75. c5 Nxc5 76. Kf4 Kxh7 77. Kg5 Kg7 78. Kf5 Kf7 79. Kg5 Ke6 80. Kf4 Be5+ 81. Kg4 Ne4 82. Kf3 Kf5 83. Ke3 Ng5 84. Kd3 Kf4 85. Kc4 Ne6 86. Kd5 Nd8 87. Kc4 Ke4 88. Kc5 Bc7 89. Kc4 Ne6 90. Kc3 Nd4 91. Kc4 Bd6 92. Kc3 Kd5 93. Kd3 Bf4 94. Kc3 Bg3 95. Kd3 Be1 96. Ke3 Bg3 97. Kd3 Ne6 98. Ke3 Ng5 99. Kd3 Bf4 100. Kc3 Be3 101. Kd3 Bd4 102. Kd2 Nh3 103. Kd3 Nf4+ 104. Kd2 Bf2 105. Kc3 Kc5 106. Kb3 Be1 107. Kc2 Kc4 108. Kc1 Kc3 109. Kd1 Bf2 110. Kc1 Ne6 111. Kd1 Nd4 112. Kc1 Nb5 113. Kd1 Kd3 114. Kc1 Bd4 115. Kd1 Bc3 116. Kc1 Bb4 117. Kd1 Na3 118. Kc1 Nc2 119. Kb2 Nd4 120. Kc1 Kc3 121. Kd1 Kb3 122. Kc1 Be1 123. Kd1 Bf2 124. Kd2 Kc4 125. Kd1 Kd3 126. Kc1 Bg3 1/2-1/2

[Event "TUR Cup"]
[Site "Adapazari"]
[Date "2022.03.28"]
[Round "6"]
[White "Hatirli, Ugur Can"]
[Black "Kaban, Mahmut"]
[Result "1-0"]
[WhiteElo "1846"]
[BlackElo "1532"]
[PlyCount "169"]
[EventDate "2022.03.25"]
[EventType "swiss"]
[EventRounds "11"]
[EventCountry "TUR"]
[SourceTitle "EXT 2023"]
[Source "ChessBase"]
[SourceDate "2022.10.05"]
[SourceVersion "1"]
[SourceVersionDate "2022.10.05"]
[SourceQuality "1"]

1. Nf3 d5 2. g3 Bg4 3. Bg2 e6 4. c4 c6 5. cxd5 Bxf3 6. Bxf3 cxd5 7. d3 Nc6 8. 0-0 Nf6 9. Nd2 Rc8 10. Bg2 Be7 11. Nf3 0-0 12. Bd2 b5 13. Qb3 Qb6 14. Rac1 a5 15. Be3 Qa6 16. a4 Rb8 17. axb5 Rxb5 18. Qa4 Nb4 19. Rc7 Rb7 20. Rxe7 Rxe7 21. Bc5 Rb7 22. Bxf8 Kxf8 23. Rc1 Nd7 24. Nd4 Qb6 25. Nf3 Nc5 26. Qa3 f6 27. Bh3 Kf7 28. Bf1 Nba6 29. d4 Ne4 30. Rc8 Nb4 31. Qa4 Nd6 32. Rc5 Ra7 33. e3 Ne4 34. Rc8 Nd6 35. Rh8 Qc6 36. Qd1 Qc2 37. Qxc2 Nxc2 38. h4 Rb7 39. Ra8 Rxb2 40. Rxa5 Rb1 41. Ra7+ Kf8 42. Rc7 Nc4 43. h5 Rd1 44. h6 gxh6 45. Rxh7 N2xe3 46. fxe3 Nxe3 47. Nh2 Nf5 48. g4 Nxd4 49. Rxh6 Kg7 50. Rh3 Ne2+ 51. Kf2 Nf4 52. Ra3 e5 53. Nf3 d4 54. Ra7+ Kg6 55. Re7 Nd5 56. Re8 Ne3 57. Be2 Rh1 58. g5 Kf7 59. Rb8 fxg5 60. Nxe5+ Ke6 61. Nf3 Nf5 62. Rb6+ Ke7 63. Rg6 Rh5 64. Nxg5 Rh2+ 65. Ke1 Rh1+ 66. Kd2 Ra1 67. Re6+ Kd7 68. Bg4 Rf1 69. Rf6 Rg1 70. Bxf5+ Ke7 71. Re6+ Kf8 72. Nf3 Rg2+ 73. Kd3 Rg3 74. Be4 Kf7 75. Ra6 Ke7 76. Kxd4 Kd7 77. Ne5+ Ke7 78. Kd5 Rg1 79. Re6+ Kd8 80. Kd6 Rd1+ 81. Bd5 Rf1 82. Nc6+ Kc8 83. Re8+ Kb7 84. Rb8+ Ka6 85. Bc4# 1-0

[Event "TUR Cup"]
[Site "Adapazari"]
[Date "2022.03.27"]
[Round "4"]
[White "Unesi, Erdal"]
[Black "Kaban, Mahmut"]
[Result "1-0"]
[WhiteElo "1861"]
[BlackElo "1532"]
[PlyCount "107"]
[EventDate "2022.03.25"]
[EventType "swiss"]
[EventRounds "11"]
[EventCountry "TUR"]
[SourceTitle "EXT 2023"]
[Source "ChessBase"]
[SourceDate "2022.10.05"]
[SourceVersion "1"]
[SourceVersionDate "2022.10.05"]
[SourceQuality "1"]

1. d4 Nf6 2. c4 e6 3. Nc3 Bb4 4. Bg5 c5 5. a3 Bxc3+ 6. bxc3 Qa5 7. Bd2 Nc6 8. Nf3 Ne4 9. e3 Nxd2 10. Qxd2 d6 11. Be2 e5 12. 0-0 0-0 13. Rfb1 Qc7 14. h3 f5 15. dxe5 dxe5 16. Qd5+ Kh8 17. Qxc5 Be6 18. Qb5 Rab8 19. a4 h6 20. a5 f4 21. exf4 Rxf4 22. Qc5 Rbf8 23. Rf1 Rxf3 24. Bxf3 Rxf3 25. gxf3 Bxh3 26. Qf8+ Kh7 27. Rfd1 Ne7 28. Qf7 Qc5 29. Qh5 Bf5 30. Qh4 Ng6 31. Qh5 Be6 32. Re1 Bxc4 33. Re4 Bd3 34. Re3 Qc4 35. Rd1 Bc2 36. Rd2 Qa4 37. Qg4 Qa1+ 38. Kh2 Qc1 39. Rde2 Nf4 40. Re1 Qd2 41. Qg3 Nd3 42. R1e2 Qxc3 43. Qg4 Qc7 44. Rxc2 Qxc2 45. Qe4+ Kg8 46. Qxd3 Qxf2+ 47. Kh3 Qg1 48. Qe2 Qh1+ 49. Qh2 Qf1+ 50. Qg2 Qc1 51. Rxe5 Qc8+ 52. Qg4 Qc2 53. Qe4 Qc8+ 54. Kg2 1-0